000 01086cam a2200229 4500
001 L130273
002 8848
008 050711n2005 000 0 eng u
020 _a1873394721
035 _a(Sirsi) u130273
041 _aeng
050 _a690
_c18
100 _aMcKay, W. B.
245 _aMcKay's building construction
260 _aShaftesbury
_bDonhead
_c2005
300 _a159p.
_bill.
_c22cm.
350 _a65
520 _aIncorporates all three volumes originally published in 1938 and describes construction at the craft level to give an understanding of the traditional forms of construction that may be encountered. Volume one covers masonry and brickwork, carpentry and joinery, slating and plumbing at the elementary level. Volume two goes into greater detail on masonry and brickwork and includes drainage. Volume three covers carpentry and joinery in greater detail including the conversion of timber and roof coverings such as tiling, stone slating and shingling.
590 _aIKA020805
690 _aBUILT ENVIRONMENT-CONSTRUCTION DESIGN
942 _n0
999 _c104420
_d104420